00658nam a2200181 i 450000100060000000300090000600500170001500700030003200800410003510000250007624501000010126000350020130000340023670000350027085200320030599900170033795201220035484186ES-MaACL20230906174950.0t|041122s1973 sp ||||1| spa d1 aJay, James M.96621710aMicrobiología moderna de los alimentos / cJames M. Jay ; traducida por José Tormo Iguacel. aZaragoza : bAcribia, c[1973] aVI, 319 p. : bil. ; c25 cm.1 aTormo Iguacel, José.9110654 aES-MaACLjC-51990 bR.85581 c84186d84186 00104070aATENEOMbATENEOMcDEPO2d2008-01-17eSCl0oC-51990p1087984r2023-02-23 00:00:00w2023-02-23yMONOGRAFIA